[Event "25. Offene Herner Stadtmeisterschaft 2024"]
[Site "Herne-Sodingen"]
[Date "2024.03.18"]
[Round "7.15"]
[White "Kleinert, Andreas"]
[Black "Klein, Andreas"]
[Result "1/2-1/2"]
[WhiteElo "1805"]
[BlackElo "1735"]
[PlyCount "66"]
[EventDate "2024.??.??"]
[WhiteTeam "SC Buer-Hassel 1919 e. V."]
[BlackTeam "SC Buer-Hassel 1919 e. V."]

1. c4 e5 2. g3 d6 3. Bg2 c6 4. Nc3 Be6 5. d3 Nf6 6. Nf3 h6 7. b4 a6 8. a4 Be7 9. O-O O-O 10. Bb2 Qc8 11. b5 Bh3 12. Qb3 Bxg2 13. Kxg2 Nbd7 14. Ba3 Re8 15. Nd2 Nf8 16. Rfb1 axb5 17. axb5 Rb8 18. bxc6 Qxc6+ 19. e4 Ne6 20. Ne2 Qd7 21. Qb5 Qc7 22. Nf3 Nd8 23. Nc3 Nc6 24. Nd5 Qd7 25. Rb3 Red8 26. Bb2 g5 27. Nxf6+ Bxf6 28. Ng1 h5 29. h3 Kg7 30. Ne2 g4 31. Rh1 Qe6 32. Qd5 Qd7 33. Qb5 Qe6 1/2-1/2

[Event "25. Offene Herner Stadtmeisterschaft 2024"]
[Site "Herne-Sodingen"]
[Date "2024.03.18"]
[Round "7.16"]
[White "Kramer, Martin"]
[Black "Boost, Jürgen"]
[Result "0-1"]
[WhiteElo "1623"]
[BlackElo "1797"]
[PlyCount "54"]
[EventDate "2024.??.??"]
[WhiteTeam "Dortmunder SV 1875"]
[BlackTeam "SC Gerthe 46 - Werne"]

1. Nf3 Nf6 2. c4 e6 3. Nc3 d5 4. e3 Be7 5. b3 c6 6. Bb2 O-O 7. d4 Nbd7 8. Bd3 Re8 9. O-O Nf8 10. Qe2 Ng6 11. e4 dxe4 12. Nxe4 Nxe4 13. Qxe4 Bf6 14. Ne5 Qc7 15. Nxg6 hxg6 16. h4 e5 17. g4 Bd7 18. d5 Bxh4 19. Kg2 Bg5 20. Rh1 f5 21. Qf3 fxg4 22. Qg3 Kf7 23. f3 Bf4 24. Qf2 Qb6 25. c5 Qa5 26. fxg4 Bxg4 27. Bc1 g5 0-1

[Event "25. Offene Herner Stadtmeisterschaft 2024"]
[Site "Herne-Sodingen"]
[Date "2024.03.18"]
[Round "7.17"]
[White "Ptaszyk, Henning"]
[Black "Reinholz, Benjamin"]
[Result "1-0"]
[WhiteElo "1652"]
[BlackElo "1981"]
[PlyCount "51"]
[EventDate "2024.??.??"]
[WhiteTeam "SK Sodingen/Castrop 24/23 e. V."]
[BlackTeam "SK Sodingen/Castrop 24/23 e. V."]

1. e4 e5 2. Nf3 Nc6 3. Bc4 g6 4. d4 exd4 5. Nxd4 Bg7 6. Nxc6 bxc6 7. O-O Ne7 8. Nc3 O-O 9. Bg5 h6 10. Be3 Kh7 11. Bd4 f6 12. Bb3 d6 13. f3 a5 14. a3 Ba6 15. Re1 c5 16. Bf2 f5 17. Nd5 Nc6 18. exf5 Rxf5 19. c3 Rb8 20. Bc2 Re5 21. Nf4 Ne7 22. Ne6 Rxe6 23. Rxe6 Rxb2 24. Bh4 Bf8 25. Rxg6 Kh8 26. Bf6+ 1-0

[Event "25. Offene Herner Stadtmeisterschaft 2024"]
[Site "Herne-Sodingen"]
[Date "2024.03.18"]
[Round "7.18"]
[White "Kasprowski, Henryk"]
[Black "Gritzan, Ulrich"]
[Result "1/2-1/2"]
[WhiteElo "1644"]
[BlackElo "1838"]
[PlyCount "82"]
[EventDate "2024.??.??"]
[WhiteTeam "SV Wattenscheid 1930 e"]
[BlackTeam "SC Buer-Hassel 1919 e. V."]

1. d4 d5 2. c4 e6 3. Nf3 Nf6 4. g3 Bb4+ 5. Bd2 Be7 6. Bg2 O-O 7. O-O c6 8. Qc2 Nbd7 9. b3 b6 10. Re1 Bb7 11. Nc3 Rc8 12. e4 dxe4 13. Nxe4 Nxe4 14. Qxe4 Nf6 15. Qc2 c5 16. dxc5 Bxc5 17. Bc3 Ng4 18. Re2 Rc7 19. h3 Nh6 20. Rd1 Qe7 21. Qb2 f6 22. Red2 a5 23. Nd4 Bxg2 24. Kxg2 Rcc8 25. Qc2 e5 26. Nf5 Qb7+ 27. Kg1 Nf7 28. Rd7 Rc7 29. Rxc7 Qxc7 30. Qe4 Qc8 31. g4 g6 32. Ng3 Kg7 33. Kg2 Re8 34. Rd5 Ng5 35. Qd3 Re7 36. Ne4 Ne6 37. Bd2 Bb4 38. Qf3 Rf7 39. Nd6 Bxd6 40. Rxd6 Nd4 41. Qd5 Qb7 1/2-1/2

[Event "25. Offene Herner Stadtmeisterschaft 2024"]
[Site "Herne-Sodingen"]
[Date "2024.03.18"]
[Round "7.19"]
[White "Jähnicke, Karl-Heinz"]
[Black "Funke, Eckhard"]
[Result "1-0"]
[WhiteElo "1613"]
[BlackElo "1806"]
[PlyCount "71"]
[EventDate "2024.??.??"]
[WhiteTeam "SC Scharnhorst 2002"]
[BlackTeam "SV Günnigfeld 1922 e."]

1. d4 d5 2. c4 e6 3. Nc3 Nf6 4. Nf3 Be7 5. e3 O-O 6. Bd3 dxc4 7. Bxc4 a6 8. Bd3 b5 9. a3 Bb7 10. O-O b4 11. axb4 Bxb4 12. Bd2 c5 13. Qe2 a5 14. Rfd1 Nc6 15. dxc5 Ne7 16. Be1 Qc7 17. h3 Qxc5 18. Na4 Qh5 19. Bc3 Ned5 20. Bxf6 Nxf6 21. e4 Rad8 22. Rac1 Qh6 23. Rc7 Ba8 24. Nb6 Bd6 25. Nxa8 Rxa8 26. Rc6 Bb4 27. Rdc1 Qh5 28. R1c4 e5 29. Qc2 Nd7 30. Rc7 Rfd8 31. R4c6 Nf8 32. Bc4 Rd7 33. Qb3 Rad8 34. Bd5 Bd6 35. Rxd6 Rxd6 36. Bxf7+ 1-0

[Event "25. Offene Herner Stadtmeisterschaft 2024"]
[Site "Herne-Sodingen"]
[Date "2024.03.18"]
[Round "7.20"]
[White "Gausmann, Thomas"]
[Black "Tolksdorf, Jürgen"]
[Result "1-0"]
[WhiteElo "1772"]
[BlackElo "1641"]
[PlyCount "84"]
[EventDate "2024.??.??"]
[WhiteTeam "SG Bochum 1931"]
[BlackTeam "SV Günnigfeld 1922 e."]

1. e4 b6 2. d4 e6 3. Nf3 Bb7 4. Bd3 Nc6 5. c3 d6 6. O-O Be7 7. Qe2 Nf6 8. Bf4 h6 9. Nbd2 g5 10. Be3 Ng4 11. Ne1 Nxe3 12. fxe3 Qd7 13. a4 Rf8 14. Qh5 O-O-O 15. Rxf7 Rxf7 16. Qxf7 Rf8 17. Qh5 d5 18. e5 Na5 19. b4 Nc4 20. Nxc4 dxc4 21. Be2 c5 22. Bxc4 cxb4 23. Qxh6 Bd5 24. Ba6+ Kb8 25. c4 Be4 26. Bb5 Qb7 27. Qxe6 a6 28. Bxa6 Qxa6 29. Qxe7 Rc8 30. Qd6+ Ka8 31. c5 Qe2 32. Qxb6 Qxe3+ 33. Kh1 Qf2 34. Qa5+ Kb8 35. Qxb4+ Bb7 36. Nf3 g4 37. Qd2 Qxd2 38. Nxd2 Rd8 39. Nb3 Bd5 40. Nd2 Bc6 41. Nb3 Rf8 42. Kg1 Bd5 1-0

[Event "25. Offene Herner Stadtmeisterschaft 2024"]
[Site "Herne-Sodingen"]
[Date "2024.03.18"]
[Round "7.23"]
[White "Steinke, Hans-Jörg"]
[Black "Dlouhy, Peter"]
[Result "1/2-1/2"]
[WhiteElo "1573"]
[BlackElo "1729"]
[PlyCount "27"]
[EventDate "2024.??.??"]
[WhiteTeam "SV Erkenschwick 1923 e"]
[BlackTeam "SV Unser Fritz Wanne-E"]

1. d4 Nf6 2. c4 e6 3. Nf3 b6 4. g3 Bb7 5. Bg2 Bb4+ 6. Bd2 Be7 7. Nc3 d5 8. Ne5 O-O 9. O-O Ne4 10. cxd5 exd5 11. Rc1 Nd7 12. Nc6 Bxc6 13. Nxe4 Bb7 14. Nc3 1/2-1/2

[Event "25. Offene Herner Stadtmeisterschaft 2024"]
[Site "Herne-Sodingen"]
[Date "2024.03.18"]
[Round "7.24"]
[White "Krolik, Wilfried"]
[Black "Sikorski, Thomas"]
[Result "0-1"]
[WhiteElo "1510"]
[BlackElo "1728"]
[PlyCount "40"]
[EventDate "2024.??.??"]
[WhiteTeam "SV Waltrop 1922 e. V."]
[BlackTeam "SK Sodingen/Castrop 24/23 e. V."]

1. e4 e5 2. Nf3 Nf6 3. Nc3 Nc6 4. d4 exd4 5. Nxd4 d6 6. h3 Be7 7. Be3 O-O 8. Be2 Ne5 9. Qd2 c5 10. Nf5 Bxf5 11. exf5 d5 12. Bf4 Nc6 13. Bf3 Nd4 14. O-O-O b5 15. Ne2 Nxf3 16. gxf3 d4 17. Rhg1 Qd5 18. Rxg7+ Kxg7 19. Bh6+ Kh8 20. Rg1 Rg8 0-1

[Event "25. Offene Herner Stadtmeisterschaft 2024"]
[Site "Herne-Sodingen"]
[Date "2024.03.18"]
[Round "7.25"]
[White "Schicktanz, Florian"]
[Black "Franzel, Christian"]
[Result "1-0"]
[WhiteElo "1725"]
[BlackElo "1200"]
[PlyCount "69"]
[EventDate "2024.??.??"]
[WhiteTeam "SV Erkenschwick 1923 e"]
[BlackTeam "SV Schwarz-Weiß Oberha"]

1. c4 d6 2. g3 Nf6 3. Nc3 e5 4. Bg2 g6 5. d3 c6 6. Nf3 Bg7 7. c5 Nd5 8. Nxd5 cxd5 9. Qa4+ Nc6 10. cxd6 Qxd6 11. O-O O-O 12. b3 e4 13. Ba3 Qd8 14. dxe4 Bxa1 15. exd5 Ne7 16. Rxa1 Re8 17. e4 f5 18. Qd4 fxe4 19. Bb2 Nf5 20. Qh8+ Kf7 21. Qxh7+ Kf8 22. Nh4 Re7 23. Nxg6+ Ke8 24. Nxe7 Qxe7 25. Qxe7+ Nxe7 26. Bxe4 Bh3 27. d6 Nc6 28. Bxc6+ bxc6 29. Re1+ Kd7 30. Ba3 Re8 31. Rxe8 Kxe8 32. f3 Bd7 33. Kf2 Kf7 34. h4 Kg6 35. Ke3 1-0

[Event "25. Offene Herner Stadtmeisterschaft 2024"]
[Site "Herne-Sodingen"]
[Date "2024.03.18"]
[Round "7.26"]
[White "Fenchel, Nils"]
[Black "Feldhaus, Thomas"]
[Result "1-0"]
[WhiteElo "1604"]
[BlackElo "1710"]
[PlyCount "145"]
[EventDate "2024.??.??"]
[WhiteTeam "SC Buer-Hassel 1919 e. V."]
[BlackTeam "Recklinghäuser SV Süd/"]

1. e4 d6 2. d4 e5 3. dxe5 dxe5 4. Qxd8+ Kxd8 5. Nf3 f6 6. Bc4 Nd7 7. Be3 Bc5 8. Bxc5 Nxc5 9. Nbd2 Be6 10. Bxe6 Nxe6 11. O-O-O Ne7 12. Nb3+ Kc8 13. Ne1 b6 14. Nd3 a5 15. a4 Nc6 16. Rd2 Ncd4 17. Nxd4 Nxd4 18. Rhd1 Rd8 19. f4 exf4 20. Nxf4 Nc6 21. Rxd8+ Nxd8 22. Nh5 Ne6 23. b3 Rb8 24. Rd5 Rb7 25. h4 c5 26. e5 f5 27. Rd6 Nd4 28. c3 Nxb3+ 29. Kb2 c4 30. Rc6+ Kd8 31. Rxc4 Nc5 32. Rd4+ Ke8 33. g4 fxg4 34. Rxg4 Ne6 35. Kb3 Rc7 36. Kb2 Kf8 37. Nf4 Nxf4 38. Rxf4+ Ke7 39. Rg4 Ke6 40. Rg5 Kf7 41. h5 Rc6 42. Rf5+ Ke7 43. Rg5 g6 44. Kb3 gxh5 45. Rxh5 h6 46. c4 Kf7 47. Kc3 Kg6 48. Rh1 h5 49. Kd4 Rc5 50. Rf1 Kg7 51. Rf6 h4 52. Rxb6 Rc8 53. Rb1 Kf7 54. Rh1 Rd8+ 55. Kc5 Rh8 56. Kb5 Ke6 57. Kxa5 Kxe5 58. c5 Rh6 59. Kb5 Ke6 60. a5 Kd7 61. a6 Kc7 62. a7 Kb7 63. Ra1 Ka8 64. c6 h3 65. c7 Rh8 66. Rc1 Rc8 67. Kb6 h2 68. Rh1 Rh8 69. Rxh2 Rh6+ 70. Ka5 Ra6+ 71. Kb5 Rb6+ 72. Kc5 Kb7 73. c8=Q+ 1-0

[Event "25. Offene Herner Stadtmeisterschaft 2024"]
[Site "Herne-Sodingen"]
[Date "2024.03.18"]
[Round "7.27"]
[White "Schneider, Timo"]
[Black "Domnik, Roland"]
[Result "1/2-1/2"]
[WhiteElo "1585"]
[BlackElo "1640"]
[PlyCount "65"]
[EventDate "2024.??.??"]
[WhiteTeam "SV Datteln 1924"]
[BlackTeam "vereinslos"]

1. c4 c5 2. Nc3 Nc6 3. Nf3 Nf6 4. d4 cxd4 5. Nxd4 h6 6. e3 d6 7. Be2 e5 8. Nxc6 bxc6 9. Bf3 Bd7 10. O-O Be7 11. Ne4 Qc7 12. Nxf6+ Bxf6 13. e4 O-O 14. Bg4 Bg5 15. Bxg5 hxg5 16. Bxd7 Qxd7 17. Qh5 f6 18. Rfd1 Rad8 19. Rd3 Qf7 20. Qxf7+ Rxf7 21. Rad1 Rfd7 22. g4 Kf7 23. c5 Ke7 24. Rxd6 Rxd6 25. Rxd6 Rxd6 26. cxd6+ Kxd6 27. Kf1 Kc5 28. Ke2 Kd4 29. f3 c5 30. Kd2 a5 31. Ke2 c4 32. Kd2 a4 33. a3 1/2-1/2

[Event "25. Offene Herner Stadtmeisterschaft 2024"]
[Site "Herne-Sodingen"]
[Date "2024.03.18"]
[Round "7.28"]
[White "Ponto, Michael"]
[Black "von Blumenthal, Nikolaus"]
[Result "1-0"]
[WhiteElo "1616"]
[BlackElo "1498"]
[PlyCount "157"]
[EventDate "2024.??.??"]
[WhiteTeam "SV Zeppelin Herne e. V."]
[BlackTeam "SV Zeppelin Herne e.V."]

1. e4 e5 2. Nf3 Nf6 3. Nc3 d6 4. d4 exd4 5. Nxd4 Be7 6. Bd3 b6 7. O-O Bb7 8. Be3 O-O 9. f4 Nbd7 10. Nf5 Re8 11. Qe1 Bf8 12. Qg3 g6 13. e5 dxe5 14. fxe5 Nxe5 15. Be2 Ne4 16. Nxe4 Bxe4 17. Rad1 Qc8 18. Nh6+ Bxh6 19. Bxh6 f5 20. Bf4 Qe6 21. Qc3 Re7 22. Rd2 Nf7 23. Bc4 Qc6 24. Bh6 Qc5+ 25. Be3 Qc6 26. Rfd1 b5 27. Rd8+ Re8 28. Bxf7+ Kxf7 29. R8d7+ Re7 30. Rxe7+ Kxe7 31. Qg7+ Ke6 32. Bd4 Qxc2 33. Qe5+ Kd7 34. Qxb5+ Kc8 35. Qf1 Bxg2 36. Qa6+ Kd7 37. Re1 Be4 38. Qb5+ Qc6 39. Qe5 Re8 40. Qg3 Qa4 41. Bc3 Qxa2 42. Rd1+ Kc8 43. Rc1 c6 44. b4 a6 45. Bd4 Kb7 46. b5 axb5 47. Ra1 Qxa1+ 48. Bxa1 Re7 49. Qd6 Rf7 50. Be5 Ka6 51. Bd4 Bd5 52. Qc5 Kb7 53. Kf2 Kc7 54. Be5+ Kd7 55. Ke3 Ke8 56. Kd4 Re7 57. Qd6 Kf7 58. Qf6+ Ke8 59. Kc5 Rf7 60. Qh8+ Kd7 61. Qb8 Be4 62. Qd6+ Ke8 63. Qe6+ Re7 64. Qc8+ Kf7 65. Bd6 Bd5 66. Qh8 Re8 67. Qxh7+ Kf6 68. Qh4+ Kg7 69. Be7 Be4 70. Kd6 Ra8 71. Qg5 Ra7 72. h4 Kh7 73. Qf6 Rxe7 74. Qxe7+ Kh6 75. Qg5+ Kh7 76. Ke6 Bf3 77. Kf7 Bh5 78. Qf6 g5+ 79. Kf8 1-0

[Event "25. Offene Herner Stadtmeisterschaft 2024"]
[Site "Herne-Sodingen"]
[Date "2024.03.18"]
[Round "7.29"]
[White "Bunzel, Robert"]
[Black "Breimann, Tobias"]
[Result "0-1"]
[WhiteElo "1200"]
[BlackElo "1287"]
[PlyCount "102"]
[EventDate "2024.??.??"]
[WhiteTeam "SV Wattenscheid 1930 e"]
[BlackTeam "SV Waltrop 1922 e. V."]

1. d4 d5 2. c4 e6 3. Nc3 Nf6 4. e3 c5 5. Nf3 Nc6 6. Bd2 Bd6 7. Be2 Qb6 8. Na4 Qc7 9. dxc5 Be7 10. O-O dxc4 11. Bxc4 Ne4 12. Qc1 Ne5 13. Nxe5 Qxe5 14. f4 Qc7 15. Bc3 O-O 16. Bd3 Nxc5 17. Bb4 b6 18. Nxc5 Bxc5 19. Qc2 Bxe3+ 20. Kh1 Qxc2 21. Bxc2 Rd8 22. Rae1 Ba6 23. Rf3 Bd2 24. Bxd2 Rxd2 25. Bb3 Bb7 26. Rg3 Rxb2 27. Rd1 Rf2 28. Kg1 Rxf4 29. Rgd3 g6 30. Rd8+ Rxd8 31. Rxd8+ Kg7 32. Rd2 Ba6 33. Rd1 e5 34. Re1 Bd3 35. g3 Rf5 36. Kg2 e4 37. g4 Re5 38. Kg3 h5 39. Kf4 Kf6 40. h4 hxg4 41. Kxg4 Rh5 42. Re3 Ke7 43. Rh3 f5+ 44. Kg3 Kf6 45. Bd1 Rh8 46. Kf4 a5 47. a3 b5 48. h5 gxh5 49. Rxh5 Rxh5 50. Bxh5 b4 51. axb4 axb4 0-1

[Event "25. Offene Herner Stadtmeisterschaft 2024"]
[Site "Herne-Sodingen"]
[Date "2024.03.18"]
[Round "7.30"]
[White "Lojack, Rouven"]
[Black "Dimitriadis, Elias"]
[Result "1-0"]
[WhiteElo "1531"]
[BlackElo "1265"]
[PlyCount "58"]
[EventDate "2024.??.??"]
[WhiteTeam "SV Königsspringer Halt"]
[BlackTeam "SV Waltrop 1922 e. V."]

1. d4 d5 2. Nc3 Nf6 3. Bf4 Bf5 4. Nf3 e6 5. e3 c5 6. Bb5+ Nc6 7. Ne5 Rc8 8. Nxc6 bxc6 9. Ba6 Ra8 10. Bb7 Rc8 11. Bxc8 Qxc8 12. O-O h6 13. Na4 Nd7 14. b3 g5 15. Bg3 h5 16. f3 g4 17. dxc5 Nxc5 18. Qd4 Rh7 19. Nxc5 h4 20. Be5 h3 21. fxg4 hxg2 22. Kxg2 Bxc5 23. Qxc5 Bxg4 24. Rf6 Qa6 25. c4 dxc4 26. Qxc4 Bh3+ 27. Kf2 Qb6 28. Rc1 Qd8 29. Qxc6+ Ke7 1-0

[Event "25. Offene Herner Stadtmeisterschaft 2024"]
[Site "Herne-Sodingen"]
[Date "2024.03.18"]
[Round "7.31"]
[White "Landwehr, Ingo"]
[Black "Griese, Andreas"]
[Result "1/2-1/2"]
[WhiteElo "1504"]
[BlackElo "1259"]
[PlyCount "84"]
[EventDate "2024.??.??"]
[WhiteTeam "Bochumer SV 02"]
[BlackTeam "SC Scharnhorst 2002"]

1. c4 c5 2. g3 g6 3. Bg2 Bg7 4. Nc3 Nc6 5. a3 a5 6. d3 Rb8 7. Rb1 d6 8. e3 e5 9. Nge2 Nge7 10. O-O O-O 11. h3 b6 12. Kh2 Bb7 13. Bd2 f5 14. f4 Kh8 15. Nb5 d5 16. cxd5 Nxd5 17. Nbc3 Nxc3 18. Bxc3 Re8 19. Re1 Qc7 20. Qc2 Rbd8 21. Rbc1 Re7 22. d4 exd4 23. exd4 Nxd4 24. Nxd4 Bxd4 25. Bxd4+ Rxd4 26. Qc3 Bxg2 27. Kxg2 Qb7+ 28. Kf2 Kg8 29. Re3 Rxe3 30. Qxe3 Re4 31. Qb3+ Qf7 32. Qxb6 Qe7 33. Qxc5 Re2+ 34. Kf1 Qxc5 35. Rxc5 Rxb2 36. h4 a4 37. Rc7 Rb3 38. Kg2 Rxa3 39. Ra7 Ra1 40. Kf2 a3 41. Kg2 a2 42. Kf2 h5 1/2-1/2

[Event "25. Offene Herner Stadtmeisterschaft 2024"]
[Site "Herne-Sodingen"]
[Date "2024.03.18"]
[Round "7.32"]
[White "Suberski, Lukas"]
[Black "Deno, Thomas"]
[Result "0-1"]
[WhiteElo "1157"]
[BlackElo "1439"]
[PlyCount "110"]
[EventDate "2024.??.??"]
[WhiteTeam "SV Unser Fritz Wanne-E"]
[BlackTeam "SC Buer-Hassel 1919 e. V."]

1. e4 e5 2. Nf3 Nc6 3. Bc4 Nf6 4. d4 exd4 5. e5 d5 6. Bb5 Ne4 7. Nxd4 Bd7 8. Bxc6 Bxc6 9. O-O Qd7 10. Be3 Be7 11. f3 Ng5 12. f4 Ne4 13. Nd2 O-O 14. f5 Bg5 15. Bxg5 Nxg5 16. Qh5 Qe7 17. f6 Qxe5 18. N4f3 Nxf3+ 19. Qxf3 d4 20. Qg4 Qe3+ 21. Rf2 Qh6 22. Nf3 Qxf6 23. Nxd4 Qg6 24. Qxg6 hxg6 25. Nxc6 bxc6 26. h3 Rfe8 27. Rd1 Rad8 28. Rxd8 Rxd8 29. Kh2 f5 30. Rf4 Rd5 31. Ra4 a5 32. c4 Rc5 33. Kg3 Kf7 34. Kf4 Kf6 35. h4 Ke6 36. Kg5 Kf7 37. g3 Re5 38. Ra3 Rc5 39. Rd3 Rxc4 40. Rd7+ Ke6 41. Rxg7 Rg4+ 42. Kh6 Kf6 43. Rxc7 Rxg3 44. Rxc6+ Kf7 45. Rc5 f4 46. Rxa5 f3 47. Ra3 Rh3 48. Kg5 f2 49. Rxh3 f1=Q 50. Kg4 Qf5+ 51. Kg3 Qe5+ 52. Kg4 Qd4+ 53. Kg3 Kf6 54. Kg2 Qg4+ 55. Rg3 Qe2+ 0-1

[Event "25. Offene Herner Stadtmeisterschaft 2024"]
[Site "Herne-Sodingen"]
[Date "2024.03.18"]
[Round "7.33"]
[White "Neumann, Frank"]
[Black "Mohammad, Othman"]
[Result "1-0"]
[WhiteElo "1398"]
[BlackElo "1200"]
[PlyCount "95"]
[EventDate "2024.??.??"]
[WhiteTeam "SV Waltrop 1922 e. V."]
[BlackTeam "SG Wanne"]

1. e4 e5 2. Nf3 Nc6 3. Bb5 d5 4. Nxe5 Qg5 5. d4 Qxg2 6. Qf3 Qxf3 7. Nxf3 dxe4 8. Ne5 Bd7 9. Nxd7 Kxd7 10. d5 Nge7 11. dxc6+ Nxc6 12. Be3 a6 13. Bxc6+ Kxc6 14. Nc3 f5 15. O-O-O g6 16. Rd2 Bd6 17. Nd5 Rhf8 18. Bf4 Rad8 19. Bxd6 Rxd6 20. Rhd1 Rfd8 21. Nf4 Re8 22. Rxd6+ cxd6 23. Nd5 Re5 24. Ne3 f4 25. Nc4 Re6 26. Re1 b6 27. Nd2 d5 28. Nf3 Kc5 29. Nd2 Kd6 30. Nb3 f3 31. Nd4 Re7 32. Kd2 Re5 33. Ke3 Rh5 34. Rh1 Rg5 35. b3 Rg2 36. c4 h5 37. cxd5 Kxd5 38. Nc2 a5 39. Ne1 Rg5 40. Nc2 Re5 41. Na3 g5 42. Nc4 Re6 43. Rd1+ Kc6 44. Rd4 g4 45. Rxe4 Rh6 46. Ne5+ Kd5 47. Nd3 Rh8 48. Nf4+ 1-0

[Event "25. Offene Herner Stadtmeisterschaft 2024"]
[Site "Herne-Sodingen"]
[Date "2024.03.18"]
[Round "7.34"]
[White "Koch, Burkhard"]
[Black "Masoudi, Mohammadmahdi"]
[Result "1-0"]
[WhiteElo "1613"]
[BlackElo "1200"]
[Annotator "georg"]
[PlyCount "39"]
[EventDate "2024.??.??"]
[WhiteTeam "SG Wanne"]
[BlackTeam "Bochumer SV 02"]

1. e4 c6 2. d4 d5 3. exd5 cxd5 4. Bd3 Nc6 5. c3 Nf6 6. Nf3 Bg4 7. Bf4 e6 8. Nbd2 Be7 9. O-O O-O 10. Qc2 Rc8 11. a3 h6 12. h3 Bxf3 13. Nxf3 a6 14. Rae1 b5 15. Qe2 Bd6 16. Bxd6 Qxd6 17. Ne5 Nd7 18. f4 Ndxe5 (18... Ncxe5 19. fxe5 Qe7 20. Rf4 Nb6 21. Bb1 Nc4 22. Qc2 g6 23. Rf6 a5 24. Qc1 Kh7 25. Ref1 b4 26. axb4 axb4 27. h4 bxc3 28. bxc3 Rb8 29. h5 Rxb1 30. hxg6+ fxg6 31. Qxb1 Rxf6 32. Rxf6 Qe8 33. Qb7+ Kg8 34. Qa6 Qb8 35. Qxe6+ Kh8 36. Qe7 Ne3 37. Rf8+ Qxf8 38. Qxf8+ Kh7 39. Qf7+ Kh8 40. e6) 19. fxe5 Qe7 20. Rf4 1-0

[Event "25. Offene Herner Stadtmeisterschaft 2024"]
[Site "Herne-Sodingen"]
[Date "2024.03.18"]
[Round "7.35"]
[White "Kümmel, Hans-Jürgen"]
[Black "Baumeister, Sven"]
[Result "0-1"]
[WhiteElo "1315"]
[BlackElo "1544"]
[PlyCount "68"]
[EventDate "2024.??.??"]
[WhiteTeam "SV Günnigfeld 1922 e."]
[BlackTeam "SV Datteln 1924"]

1. Nf3 d5 2. d4 Bf5 3. e3 Nf6 4. c4 c6 5. Nc3 e6 6. Qb3 Qc7 7. Be2 Nbd7 8. cxd5 exd5 9. O-O Bd6 10. h3 O-O 11. Qd1 Rfe8 12. Bd3 Ne4 13. Nh4 Nxc3 14. bxc3 Bxd3 15. Qxd3 b5 16. Nf3 Nb6 17. Ng5 h6 18. Nf3 Re6 19. Bd2 Qd7 20. Rae1 Rg6 21. Kh1 Bc7 22. e4 dxe4 23. Rxe4 Na4 24. Qc2 Re8 25. Rxe8+ Qxe8 26. Re1 Re6 27. Qb1 Ba5 28. Rxe6 Qxe6 29. Qa1 Qc4 30. Ne5 Bxc3 31. Qc1 Qxd4 32. Nxc6 Qxd2 33. Qa3 Qe1+ 34. Kh2 Be5+ 0-1

[Event "25. Offene Herner Stadtmeisterschaft 2024"]
[Site "Herne-Sodingen"]
[Date "2024.03.18"]
[Round "7.36"]
[White "Nouman, Abdulrrahman"]
[Black "Malessa, Uwe"]
[Result "1-0"]
[WhiteElo "1200"]
[BlackElo "1039"]
[PlyCount "42"]
[EventDate "2024.??.??"]
[WhiteTeam "SG Wanne"]
[BlackTeam "SV Erkenschwick 1923 e"]

1. e4 g6 2. d4 Bg7 3. e5 d6 4. f4 Bf5 5. Bd3 Qd7 6. Nf3 a6 7. Nh4 Bg4 8. Be2 Be6 9. d5 Bg4 10. Bxg4 Qb5 11. Qd3 Qb6 12. Qb3 Qa7 13. Be3 b6 14. e6 f6 15. Qa4+ Kf8 16. Qe4 h5 17. Bh3 f5 18. Nxf5 gxf5 19. Qxf5+ Nf6 20. Qg6 Kg8 21. Qf7+ Kh7 1-0

[Event "25. Offene Herner Stadtmeisterschaft 2024"]
[Site "Herne-Sodingen"]
[Date "2024.03.18"]
[Round "7.37"]
[White "Wickenfeld, Udo"]
[Black "Scheithauer, Ralf"]
[Result "1/2-1/2"]
[WhiteElo "1200"]
[BlackElo "1376"]
[PlyCount "98"]
[EventDate "2024.??.??"]
[WhiteTeam "SC Recklinghausen Altsta"]
[BlackTeam "Bochumer SV 02"]

1. d4 d5 2. Nf3 Nf6 3. e3 Bf5 4. Bd3 Bxd3 5. Qxd3 e6 6. Qb5+ Nbd7 7. Qxb7 Bd6 8. Qb5 O-O 9. O-O Qe7 10. Nc3 Nb6 11. Qe2 Rfb8 12. Ne5 Qe8 13. b3 a6 14. Bd2 Nc8 15. f3 h6 16. Be1 Ne7 17. Bh4 Nh7 18. e4 c5 19. Bf2 Rc8 20. Na4 Rc7 21. Nb2 Nf6 22. Be3 Nd7 23. Nbd3 Nxe5 24. dxe5 Bxe5 25. Nxe5 d4 26. Bd2 f6 27. Ng4 e5 28. Qc4+ Kh7 29. Bxh6 Qg6 30. Bd2 Qh5 31. Ba5 Rcc8 32. Bd2 Qe8 33. Qe2 Ng6 34. Qc4 Qe7 35. Qd3 Qd7 36. Qe2 Kg8 37. f4 Qd6 38. f5 Ne7 39. Qd3 Kf8 40. Rac1 Nc6 41. c3 Ke8 42. Qc4 Ne7 43. Qe2 Kd7 44. c4 Rab8 45. Qd3 Nc6 46. Qg3 Qe7 47. Nf2 Rh8 48. h3 Rh7 49. Ng4 Qf7 1/2-1/2

[Event "25. Offene Herner Stadtmeisterschaft 2024"]
[Site "Herne-Sodingen"]
[Date "2024.03.18"]
[Round "7.38"]
[White "Muschal, Holger"]
[Black "Meiler, Wolfgang"]
[Result "0-1"]
[WhiteElo "1200"]
[BlackElo "1163"]
[PlyCount "70"]
[EventDate "2024.??.??"]
[WhiteTeam "SV Waltrop 1922 e. V."]
[BlackTeam "Bochumer SV 02"]

1. e4 c5 2. Nf3 d6 3. Nc3 Nf6 4. Bb5+ Nbd7 5. O-O a6 6. Bc4 e6 7. a3 b5 8. Ba2 Be7 9. d3 h6 10. b4 O-O 11. bxc5 dxc5 12. Ne2 Nb6 13. Ne5 Bd6 14. f4 Qc7 15. c4 Rd8 16. cxb5 axb5 17. Nc3 b4 18. Nb5 Qe7 19. Nc6 Qd7 20. Nxd8 Qxd8 21. e5 Be7 22. exf6 Bxf6 23. Rb1 Ba6 24. Bc4 Qd7 25. a4 Qc6 26. Be3 Bb7 27. Qf3 Qd7 28. Qd1 Nxa4 29. Qd2 Qc6 30. Rf2 Nc3 31. Rb3 Ba6 32. Nxc3 bxc3 33. Qxc3 Bxc3 34. Rxc3 Bb7 35. Rb3 Ra1+ 0-1